| 000 | 01125nam a2200325 a 4500 | ||
|---|---|---|---|
| 001 | BRCA_8582 | ||
| 005 | 20190320210334.0 | ||
| 008 | 190816s1708----gw-a######---#000-0#ger-# | ||
| 041 | _ager | ||
| 044 | _agw | ||
| 050 | 4 |
_aBS199 _b.B53 _c1708 |
|
| 245 | 1 | 0 | _aBiblia das ist die gantze beilige schristi altes und nues testaments. |
| 260 |
_aNurnberg _bJohann andrea endters seel und erben _c1708 |
||
| 300 |
_aT.I, 664 p. _bil. _c45 cm |
||
| 500 | _aFondo antiguo | ||
| 500 | _aSe encuentra en Caja Fuerte | ||
| 500 | _aW-40 | ||
| 500 | _aGrabado en la anteportada | ||
| 500 | _aPortada impresa en dos tintas negro y rojo | ||
| 500 | _aTexto escrito a dos columnas | ||
| 500 | _aContiene dedicatoria | ||
| 500 | _aIncluye tablas y mapas | ||
| 500 | _aIncluye índice | ||
| 500 | _aEstado físico: página 11 con rotura en la esquina inferior derecha | ||
| 500 | _aNota de encuadernación: en piel con dorados, edición de cantos dorados | ||
| 506 | 0 | _aFondo reservado: para su consulta es necesario credencial de usuario y carta de motivos | |
| 650 | 1 | 4 |
_aBiblia _921485 |
| 902 | _aLAR | ||
| 942 |
_2lcc _cB |
||
| 999 |
_c8245 _d8245 |
||